[Event "Belgrade-chT Quality"]
[Site "Belgrade"]
[Date "2022.10.12"]
[Round "11.6"]
[White "Zubic, Aleksandar"]
[Black "Bagas, Ana"]
[Result "1-0"]
[WhiteElo "1831"]
[BlackElo "1746"]
[PlyCount "89"]
[EventDate "2022.10.01"]
[EventType "team-tourn"]
[EventRounds "11"]
[EventCountry "SRB"]
[SourceTitle "EXT 2024"]
[Source "ChessBase"]
[SourceDate "2023.10.10"]
[SourceVersion "1"]
[SourceVersionDate "2023.10.10"]
[SourceQuality "1"]
[WhiteTeam "Belgrade Banjica"]
[BlackTeam "Belgrade Itaka"]
[WhiteTeamCountry "SRB"]
[BlackTeamCountry "SRB"]

1. e4 e6 2. d4 d5 3. Nc3 Nf6 4. e5 Nfd7 5. f4 c5 6. Nf3 Nc6 7. Be3 cxd4 8. Nxd4 Bc5 9. Qd2 0-0 10. Bb5 Nxd4 11. Bxd4 Bxd4 12. Qxd4 Qb6 13. 0-0-0 Qxd4 14. Rxd4 f6 15. exf6 Rxf6 16. g4 Nb6 17. g5 Rf8 18. Re1 a6 19. Be2 Bd7 20. Rb4 Nc8 21. Rxb7 Ra7 22. Rxa7 Nxa7 23. Bxa6 Rxf4 24. a4 d4 25. Nb5 Nxb5 26. axb5 Rf5 27. b6 Rf8 28. b7 Rb8 29. Re4 Kf7 30. Rxd4 Ke7 31. c4 Bc6 32. c5 Bd5 33. Rh4 Kf7 34. Rb4 Ke7 35. Kd2 h6 36. h4 hxg5 37. hxg5 Kd7 38. Rb6 Kc7 39. Ke3 Bc6 40. Kf4 Bd5 41. Ke5 Kd7 42. b4 Kc7 43. b5 Kd7 44. Rd6+ Ke7 45. c6 1-0

[Event "Belgrade Trophy 35th"]
[Site "Belgrade"]
[Date "2021.11.25"]
[Round "2"]
[White "Jovanovic, Stefan"]
[Black "Bagas, Ana"]
[Result "0-1"]
[WhiteElo "1795"]
[BlackElo "1541"]
[PlyCount "48"]
[EventDate "2021.11.24"]
[EventType "swiss"]
[EventRounds "9"]
[EventCountry "SRB"]
[SourceTitle "CBM 205 Extra"]
[Source "ChessBase"]
[SourceDate "2022.01.31"]
[SourceVersion "1"]
[SourceVersionDate "2022.01.31"]
[SourceQuality "1"]

1. e4 e6 2. d3 c5 3. Nf3 Nc6 4. g3 Nf6 5. Bg2 d6 6. 0-0 Be7 7. Qe2 e5 8. c3 h6 9. Nbd2 Be6 10. Re1 Qd7 11. d4 cxd4 12. cxd4 exd4 13. e5 dxe5 14. Nxe5 Nxe5 15. Qxe5 0-0 16. Nb3 Bxb3 17. axb3 Bb4 18. Rd1 Rfe8 19. Qf4 Bc5 20. Be3 dxe3 21. Rxd7 exf2+ 22. Kf1 Nxd7 23. Bxb7 Rab8 24. Bc6 Rbd8 0-1

[Event "EU-ch Hybrid U12 Girls"]
[Site "Tornelo INT"]
[Date "2021.10.15"]
[Round "4"]
[White "Ismayilova, Khanim"]
[Black "Bagas, Ana"]
[Result "0-1"]
[WhiteElo "1378"]
[BlackElo "1617"]
[PlyCount "62"]
[EventDate "2021.10.15"]
[EventType "swiss"]
[EventRounds "9"]
[EventCountry "NET"]
[SourceTitle "EXT 2023"]
[Source "ChessBase"]
[SourceDate "2022.10.05"]
[SourceVersion "1"]
[SourceVersionDate "2022.10.05"]
[SourceQuality "1"]
[WhiteTeam "Azerbaijan"]
[BlackTeam "Serbia"]
[WhiteTeamCountry "AZE"]
[BlackTeamCountry "SRB"]

1. c4 e5 2. Nc3 Nf6 3. Nf3 Nc6 4. e4 Bb4 5. d3 d6 6. g3 Bg4 7. h3 Bh5 8. g4 Bg6 9. h4 h5 10. g5 Ng4 11. Ng1 Bc5 12. Nh3 Qd7 13. Nd5 f5 14. f3 f4 15. fxg4 hxg4 16. Nhxf4 exf4 17. Nxf4 Bf7 18. Be2 g3 19. Bg4 Bf2+ 20. Kf1 Qe7 21. g6 Bg8 22. b4 Rxh4 23. Nh3 Ne5 24. Bg5 Qxg5 25. Qa4+ b5 26. Qxb5+ c6 27. Qb7 Qxg4 28. Qxa8+ Ke7 29. Qb7+ Nd7 30. Nxf2 g2+ 31. Kg1 gxh1Q# 0-1

[Event "EU-ch Online U12 Girls"]
[Site "Tornelo INT"]
[Date "2020.09.20"]
[Round "7"]
[White "Gkoutzouki, Aikaterini Argyro"]
[Black "Bagas, Ana"]
[Result "1-0"]
[WhiteElo "1218"]
[BlackElo "1419"]
[PlyCount "87"]
[EventDate "2020.09.18"]
[EventType "swiss (rapid)"]
[EventRounds "9"]
[EventCountry "NET"]
[SourceTitle "EXT 2023"]
[Source "ChessBase"]
[SourceDate "2022.10.05"]
[SourceVersion "1"]
[SourceVersionDate "2022.10.05"]
[SourceQuality "1"]
[WhiteTeam "Greece"]
[BlackTeam "Serbia"]
[WhiteTeamCountry "GRE"]
[BlackTeamCountry "SRB"]

1. d4 d5 2. Nf3 Nf6 3. g3 Bg4 4. Bg2 c6 5. 0-0 Nbd7 6. h3 Bh5 7. b3 e6 8. Bb2 Be7 9. Nbd2 0-0 10. g4 Bg6 11. Ne5 Nxe5 12. dxe5 Nd7 13. f4 f5 14. e3 Nc5 15. a3 Rc8 16. b4 Na4 17. Ra2 Nxb2 18. Rxb2 Qb6 19. Qe2 c5 20. c3 cxb4 21. cxb4 Rc3 22. Rf3 Rxa3 23. b5 Rc8 24. Nf1 Rcc3 25. Rf2 Bc5 26. gxf5 Bxf5 27. Qh5 Bg6 28. Qg5 Bxe3 29. Nxe3 Rxe3 30. Kh2 Bf7 31. Rfc2 h6 32. Rc8+ Kh7 33. Qe7 Re1 34. Rc5 Rae3 35. Rbc2 Bg6 36. Rc7 Rxh3+ 37. Kxh3 Qe3+ 38. Kh2 Qg1+ 39. Kg3 Re3+ 40. Kg4 Qxg2+ 41. Rxg2 Bf5+ 42. Kh5 Rh3+ 43. Qh4 Rxh4+ 44. Kxh4 1-0

[Event "EU-ch Online U12 Girls"]
[Site "Tornelo INT"]
[Date "2020.09.18"]
[Round "2"]
[White "Bagas, Ana"]
[Black "Andries, Leia"]
[Result "1-0"]
[WhiteElo "1419"]
[BlackElo "1281"]
[PlyCount "55"]
[EventDate "2020.09.18"]
[EventType "swiss (rapid)"]
[EventRounds "9"]
[EventCountry "NET"]
[SourceTitle "EXT 2023"]
[Source "ChessBase"]
[SourceDate "2022.10.05"]
[SourceVersion "1"]
[SourceVersionDate "2022.10.05"]
[SourceQuality "1"]
[WhiteTeam "Serbia"]
[BlackTeam "Denmark"]
[WhiteTeamCountry "SRB"]
[BlackTeamCountry "DEN"]

1. e4 c5 2. Nf3 Nc6 3. Bb5 g6 4. Bxc6 dxc6 5. d3 Bg7 6. Nc3 Nf6 7. h3 0-0 8. Be3 c4 9. dxc4 Qxd1+ 10. Rxd1 Be6 11. b3 b6 12. 0-0 c5 13. Rd3 Nd7 14. Nd5 Bxd5 15. exd5 Nb8 16. Bf4 Na6 17. c3 f6 18. Re1 Rfe8 19. Rde3 g5 20. Bd6 Kf7 21. Bxe7 Nb8 22. Bxc5 Rxe3 23. Bxe3 Nd7 24. d6 h6 25. Bxg5 fxg5 26. Re7+ Kf8 27. Rxd7 Bxc3 28. Rc7 1-0

[Event "EU-ch Online U12 Girls"]
[Site "Tornelo INT"]
[Date "2020.09.18"]
[Round "1"]
[White "Sefic, Lana"]
[Black "Bagas, Ana"]
[Result "0-1"]
[WhiteElo "1143"]
[BlackElo "1419"]
[PlyCount "82"]
[EventDate "2020.09.18"]
[EventType "swiss (rapid)"]
[EventRounds "9"]
[EventCountry "NET"]
[SourceTitle "EXT 2023"]
[Source "ChessBase"]
[SourceDate "2022.10.05"]
[SourceVersion "1"]
[SourceVersionDate "2022.10.05"]
[SourceQuality "1"]
[WhiteTeam "Slovenia"]
[BlackTeam "Serbia"]
[WhiteTeamCountry "SLO"]
[BlackTeamCountry "SRB"]

1. c4 Nf6 2. g3 g6 3. Bg2 Bg7 4. e3 d6 5. d3 c6 6. Ne2 Bf5 7. 0-0 e5 8. d4 0-0 9. Nbc3 Nbd7 10. e4 Bg4 11. d5 Bxe2 12. Qxe2 cxd5 13. cxd5 a6 14. Be3 Rc8 15. Rac1 Qe7 16. Rfd1 Rc7 17. Nb1 Rfc8 18. Rxc7 Rxc7 19. Nc3 Qd8 20. Bh3 Nc5 21. Bxc5 Rxc5 22. a3 Qc7 23. Qd2 b5 24. Qd3 Kh8 25. Kh1 Kg8 26. Kg1 a5 27. Qd2 b4 28. axb4 axb4 29. Na4 Ra5 30. b3 Qa7 31. Qd3 h5 32. Bg2 Kh7 33. Rc1 Rxa4 34. bxa4 Qxa4 35. Rb1 Bh6 36. Qb3 Qa6 37. Qxb4 Qe2 38. Qe1 Qa6 39. Rd1 Nd7 40. Qb4 Nc5 41. Rf1 Kg7 0-1

[Event "EU-ch U10 Girls"]
[Site "Bratislava"]
[Date "2019.08.09"]
[Round "8"]
[White "Haasova, Timea"]
[Black "Bagas, Ana"]
[Result "1-0"]
[WhiteElo "1287"]
[BlackElo "1480"]
[PlyCount "87"]
[EventDate "2019.08.02"]
[EventType "swiss"]
[EventRounds "9"]
[EventCountry "SVK"]
[SourceTitle "EXT 2020"]
[Source "ChessBase"]
[SourceDate "2019.10.17"]
[SourceVersion "1"]
[SourceVersionDate "2019.10.17"]
[SourceQuality "1"]

1. e4 e6 2. d4 d5 3. exd5 exd5 4. Bd3 Bd6 5. Ne2 Nc6 6. c3 Nge7 7. 0-0 Bf5 8. Bf4 Qd7 9. Bxd6 Qxd6 10. Ng3 Bg6 11. a4 0-0-0 12. b4 h5 13. h3 h4 14. Ne2 Bxd3 15. Qxd3 g5 16. Qf3 f5 17. a5 Rdg8 18. b5 Nd8 19. a6 b6 20. Nd2 g4 21. hxg4 Rxg4 22. Kh1 Nf7 23. Ra2 Ng5 24. Qd3 Rg8 25. Rg1 Ne4 26. Nxe4 fxe4 27. Qh3 Nf5 28. Raa1 Kb8 29. Qh2 Qe7 30. Nf4 Qd6 31. Nh5 Qe7 32. Qe5 Qxe5 33. dxe5 R4g6 34. Nf4 R6g7 35. Nxd5 Rd8 36. Nb4 Ne7 37. Rad1 Rxd1 38. Rxd1 Kc8 39. Rd4 Rg6 40. Rxe4 Re6 41. f4 Nf5 42. Kh2 Ng3 43. Re1 Kd7 44. Nc6 1-0

[Event "EU-ch U10 Girls"]
[Site "Bratislava"]
[Date "2019.08.08"]
[Round "7"]
[White "Bagas, Ana"]
[Black "Horkova, Tereza"]
[Result "1-0"]
[WhiteElo "1480"]
[BlackElo "1287"]
[PlyCount "79"]
[EventDate "2019.08.02"]
[EventType "swiss"]
[EventRounds "9"]
[EventCountry "SVK"]
[SourceTitle "EXT 2020"]
[Source "ChessBase"]
[SourceDate "2019.10.17"]
[SourceVersion "1"]
[SourceVersionDate "2019.10.17"]
[SourceQuality "1"]

1. e4 e5 2. d4 exd4 3. Qxd4 Nc6 4. Qe3 Nf6 5. Nc3 Bb4 6. Bd2 0-0 7. 0-0-0 Re8 8. Bc4 d6 9. f3 Bc5 10. Qg5 a6 11. Nd5 Ne5 12. Nxf6+ Qxf6 13. Qxf6 gxf6 14. Bd5 c6 15. Bb3 b5 16. Ba5 Rb8 17. Bc7 Rb7 18. Bxd6 Bxd6 19. Rxd6 c5 20. Bd5 Rd7 21. Rxf6 Red8 22. Ne2 Kg7 23. Rb6 Re7 24. Ng3 Red7 25. Nf5+ Kf8 26. Rf6 Rc7 27. h3 Bb7 28. Bxb7 Rxb7 29. Rxa6 Rbd7 30. Rb6 Ra7 31. Kb1 Rad7 32. b3 Ra7 33. Rxb5 Rda8 34. a4 Rc7 35. f4 Ng6 36. g3 Rd8 37. Rh2 Rd1+ 38. Kb2 Re1 39. Rb8+ Rc8 40. Rxc8# 1-0